00511nam a2200193 a 4500001001300000003000900013005001700022008004100039020001000080082001500090100001600105245004000121260004500161300000900206500003500215505001100250650004000261700001600301nice12345678IN_TiNIC20260116011313.0050524s1893 newa grp 000 0 eng  ac10000a221.6bCHE aCheyne, T K aFounders of Old Testament Criticism aNew YorkbCharles Scribner`s Sons,c1893 a327p aincludes index and biblioraphy2 aIllus. aBible O.T. Criticism & Interpretati1 aCheyne, T K